| 000 | 00978cam a2200289 a 4500 | ||
|---|---|---|---|
| 999 |
_c2849 _d2849 |
||
| 001 | 16776591 | ||
| 003 | OSt | ||
| 005 | 20230823160457.0 | ||
| 008 | 110513s2011 enkaf d 000 0 engd | ||
| 010 | _a 2011389551 | ||
| 020 | _a9780521170925 | ||
| 040 |
_aDLC _cDLC _dDLC _dKH8 |
||
| 042 | _apcc | ||
| 082 | _a423 CAM | ||
| 130 | _aCambridge essential English dictionary. | ||
| 245 | 0 | 0 | _aCambridge essential English dictionary. |
| 246 | 3 | 0 | _aEssential English dictionary |
| 250 | _a2nd ed. | ||
| 260 |
_aCambridge ; _aNew York : _bCambridge University Press, _cc2011. |
||
| 300 |
_axxi, 481 p., 16 p. of plates : _bill. (some col.) ; _c20 cm. |
||
| 650 | 0 |
_aEnglish language _vDictionaries. |
|
| 650 | 0 |
_aEnglish language _vTextbooks for foreign speakers. |
|
| 710 | 2 | _aCambridge University Press. | |
| 906 |
_a7 _bcbc _corigcop _d2 _eepcn _f20 _gy-gencatlg |
||
| 942 |
_2ddc _cTR |
||